000 00654nam a22001697a 4500
003 OSt
005 20171010095441.0
008 120608t xxu||||| |||| 00| 0 eng d
040 _aMMSU
_cULS
100 _aReygadie, Josielyn E.
_910120
245 _aEvaluation of an iluko brochure on improved cookstove of the Affiliated Non-conventional Energy Center
_cJosielyn E. Reygadi
260 _c2006
300 _axv, 65 leaves
_c28 cm.
500 _aThesis (BS Development Communication) -- Mariano Marcos State University-College of Agriculture, Food and Sustainable Development. Batac City
504 _aBibliography: leaves 39-41
942 _2ddc
_cTHEDIS
999 _c9548
_d9548